All iPhones sold by Apple - Statistics

General Stats
  • This quiz has been taken 48 times
    18 since last reset
  • The average score is 36 of 51
Answer Stats
Présentation Model % Correct
12 September 2017 iPhone X
100%
10 September 2019 iPhone 11
90%
13 October 2020 iPhone 12
90%
13 October 2020 iPhone 12 Pro
90%
13 October 2020 iPhone 12 Pro Max
90%
14 September 2021 iPhone 13
90%
14 September 2021 iPhone 13 Pro
90%
14 September 2021 iPhone 13 Pro Max
90%
7 September 2022 iPhone 14
90%
7 September 2022 iPhone 14 Pro
90%
7 September 2022 iPhone 14 Pro Max
90%
13 September 2023 iPhone 15
90%
9 September 2024 iPhone 16
90%
9 September 2024 iPhone 16 Pro
90%
9 September 2024 iPhone 16 Pro Max
90%
9 September 2025 iPhone 17
90%
9 September 2025 iPhone 17 Pro
90%
9 September 2025 iPhone 17 Pro Max
90%
7 June 2010 iPhone 4
90%
12 September 2012 iPhone 5
90%
9 September 2014 iPhone 6
90%
7 September 2016 iPhone 7
90%
12 September 2017 iPhone 8
90%
10 September 2019 iPhone 11 Pro
80%
10 September 2019 iPhone 11 Pro Max
80%
13 September 2023 iPhone 15 Pro
80%
13 September 2023 iPhone 15 Pro Max
80%
19 February 2025 iPhone 16e
70%
9 September 2025 iPhone 17 Air
70%
12 September 2018 iPhone XR
70%
13 October 2020 iPhone 12 Mini
60%
2 March 2026 iPhone 17e
60%
9 September 2015 iPhone 6s
60%
12 September 2018 iPhone XS
60%
13 September 2023 iPhone 15 Plus
50%
9 September 2024 iPhone 16 Plus
50%
9 January 2007 iPhone 2G
50%
9 June 2008 iPhone 3G
50%
4 October 2011 iPhone 4S
50%
10 September 2013 iPhone 5s
50%
9 September 2014 iPhone 6 Plus
50%
7 September 2016 iPhone 7 Plus
50%
12 September 2017 iPhone 8 Plus
50%
21 March 2016 iPhone SE 1
50%
15 April 2020 iPhone SE 2
50%
8 March 2022 iPhone SE3
50%
14 September 2021 iPhone 13 Mini
40%
8 June 2009 iPhone 3GS
40%
12 September 2018 iPhone XS Max
40%
10 September 2013 iPhone 5c
30%
9 September 2015 iPhone 6s Plus
30%
No matching quizzes found
Score Distribution
Percent of People with Each Score
Percentile by Number Answered
Your Score History
You have not taken this quiz since the last reset